| 000 | 02092nam0a2200385 4500 | ||
|---|---|---|---|
| 001 | RU\NLR\bibl\809537 | ||
| 005 | 20260405081005.0 | ||
| 010 | _a5-06-004965-5 | ||
| 010 |
_a5-87151-034-5 _93000 |
||
| 021 |
_aRU _b2005-6052 _9308 |
||
| 035 | _aRSL-KNO-002568929 | ||
| 035 | _a(NLR Aleph) 000798619 | ||
| 090 |
_a1166988 _c1166988 |
||
| 100 | _a20050216d2005 |||y0rusy50 ca | ||
| 101 | 0 |
_arus _aeng |
|
| 102 | _aRU | ||
| 105 | _aa ||||||||| | ||
| 106 | _ar | ||
| 200 | 1 |
_aШаг вперед! _eАнгл. язык для продолжающих _eкн. для чтения _fЛ. И. Каминская |
|
| 210 |
_aМ. _cВысш. шк. _cНауч.-образоват. центр "Шк. Китайгородской" _d2005 _gГУП Смол. обл. тип. им. В.И. Смирнова |
||
| 215 |
_a126 с. _cил. _d21 |
||
| 300 | _aНа обл.: A Step Forward. Reader / L. Kaminskaya | ||
| 512 | 1 |
_6z11790 _aA Step Forward. Reader |
|
| 606 | 1 |
_aАнглийский язык _jХрестоматии _9972309 _3RU\NLR\auth\6646032 |
|
| 610 | 0 | _aФилологические науки. Художественная литература -- Языкознание -- Индоевропейские языки -- Германские языки -- Западногерманские языки -- Английский язык -- Преподавание и методика изучения языка -- Хрестоматии. Книги для чтения. Адаптированные издания -- Хрестоматии общего типа -- Книги для чтения для высшей школы | |
| 686 |
_aШ143.21-942.2 _2rubbk |
||
| 686 | _aШ143.21-93рус хрест | ||
| 700 | 1 |
_4070 _8rus _7ca _aКаминская _bЛ. И. _gЛариса Исааковна _3RU\NLR\auth\7728037 _911068 |
|
| 790 | 1 |
_4070 _8rus _7ba _aKaminskaja _bL. I. _gLarisa Isaakovna _3RU\NLR\auth\7728039 _911070 |
|
| 801 | 0 |
_aRU _bRuMoRKP _c20050216 _grcr |
|
| 801 | 1 |
_aRU _bRuMoRGB _c20050216 |
|
| 801 | 2 |
_aRU _bNLR _c20050614 _gPSBO |
|
| 942 | _cBOOK | ||
| 980 | _aNB | ||